La política de escrituras (Record no. 4113)

MARC details
000 -CABECERA
campo de control de longitud fija 01282nam a2200313 a 4500
001 - NÚMERO DE CONTROL
campo de control BRCA_4403
005 - FECHA Y HORA DE LA ÚLTIMA TRANSACCIÓN
campo de control 20190320204646.0
008 - DATOS DE LONGITUD FIJA--INFORMACIÓN GENERAL
campo de control de longitud fija 990111s1996----mx-a#####b---#001-0#spa-#
020 ## - NÚMERO INTERNACIONAL ESTÁNDAR DEL LIBRO
Número Internacional Estándar del Libro 9683648991
041 ## - CÓDIGO DE LENGUA
Código de lengua del texto/banda sonora o título independiente spa
044 ## - CÓDIGO DEL PAÍS DE LA ENTIDAD EDITORA/PRODUCTORA
Código MARC del país mx
050 #4 - SIGNATURA TOPOGRÁFICA DE LA BIBLIOTECA DEL CONGRESO
Número de clasificación KGF251
Número de documento/Ítem .Y76 1996
100 1# - ENTRADA PRINCIPAL--NOMBRE DE PERSONA
Nombre de persona Yrolo Calar, Nicolás de
9 (RLIN) 11179
245 10 - MENCIÓN DE TÍTULO
Título La política de escrituras
Resto del título estudio preliminar, índices, glosario y apéndices
Mención de responsabilidad, etc. Nicolás de Yrolo Calar ; María del Pilar Martínez López-Cano, coordinadora ; editores Ivonne Mijares Ramírez ; Javier Sanchiz Ruiz.
260 ## - PUBLICACIÓN, DISTRIBUCIÓN, ETC.
Lugar de publicación, distribución, etc. México
Nombre del editor, distribuidor, etc. UNAM
Fecha de publicación, distribución, etc. 1996
300 ## - DESCRIPCIÓN FÍSICA
Extensión lxxvii, 299 p.
Otras características físicas il.
Dimensiones 23 cm.
440 #0 - MENCIÓN DE SERIE/PUNTO DE ACCESO ADICIONAL--TÍTULO
Título Instituto de Investigaciones Históricas
Nombre de parte o sección de la obra Serie Historia novohispana
Designación de volumen o secuencia 56
9 (RLIN) 11180
500 ## - NOTA GENERAL
Nota general Incluye glosario de términos e índice de nombres y de materias
500 ## - NOTA GENERAL
Nota general Edición original: [Mexico] : Diego López Dávalos, 1605
500 ## - NOTA GENERAL
Nota general Colección Sonia Corcuera de Mancera
504 ## - NOTA DE BIBLIOGRAFÍA, ETC.
Nota de bibliografía, etc. Bibliografía: p. [257]-264
650 14 - PUNTO DE ACCESO ADICIONAL DE MATERIA--TÉRMINO DE MATERIA
Término de materia o nombre geográfico como elemento de entrada Notarías
Subdivisión general Historia
Subdivisión geográfica México
9 (RLIN) 11181
650 14 - PUNTO DE ACCESO ADICIONAL DE MATERIA--TÉRMINO DE MATERIA
Término de materia o nombre geográfico como elemento de entrada Instrumentos legales
Subdivisión general Historia
Subdivisión geográfica México
9 (RLIN) 11182
700 1# - PUNTO DE ACCESO ADICIONAL--NOMBRE DE PERSONA
Nombre de persona Martínez López-Cano, María del Pilar
9 (RLIN) 11183
700 1# - PUNTO DE ACCESO ADICIONAL--NOMBRE DE PERSONA
Nombre de persona Mijares Ramírez, Ivonne
9 (RLIN) 11184
700 1# - PUNTO DE ACCESO ADICIONAL--NOMBRE DE PERSONA
Nombre de persona Sanchiz Ruiz, Javier
9 (RLIN) 11185
902 ## - CATALOGADOR
Iniciales DSC
942 ## - ELEMENTOS DE PUNTO DE ACCESO ADICIONAL (KOHA)
Fuente del sistema de clasificación o colocación Library of Congress Classification
Tipo de ítem Koha Libros
Holdings
Estado de retiro Estado de pérdida Estado dañado No para préstamo Localización permanente Ubicación/localización actual Fecha de adquisición Total de préstamos Signatura topográfica completa Código de barras Fecha visto por última vez Precio válido a partir de Tipo de ítem Koha
El ejemplar forma parte de la colección y puede ser consultado según las políticas vigentes.       Biblioteca del Museo Franz Mayer (Rogerio Casas-Alatriste) Biblioteca del Museo Franz Mayer (Rogerio Casas-Alatriste) 13/08/2010   KGF251 .Y76 1996 DSC00098 22/03/2019 22/03/2019 Libros